Mezey László Deákság és Európa : irodalmi műveltségünk alapvetésének vázlata : Budapest, 1979. Akadémiai Kiadó, 282 oldal : [könyvismertetés] /

Elmentve itt :
Bibliográfiai részletek
Szerző: Mészáros István
További közreműködők: Mezey László
Dokumentumtípus: Cikk
Megjelent: 1980
Sorozat:Magyar pedagógia : a Magyar Tudományos Akadémia Pedagógiai Bizottságának folyóirata 80 No. 4
Kulcsszavak:Irodalom műveltség magyar 11-14. sz., Irodalmi műveltség, Könyvismertetés
Online Access:http://misc.bibl.u-szeged.hu/13115
LEADER 00883nab a2200193 i 4500
001 misc13115
005 20191106141506.0
008 170607s1980 hu o 0|| hun d
022 |a 0025-0260 
040 |a SZTE Miscellanea Repozitórium  |b hun 
041 |a hun 
100 1 |a Mészáros István 
245 1 0 |a Mezey László  |h [elektronikus dokumentum] :  |b Deákság és Európa : irodalmi műveltségünk alapvetésének vázlata : Budapest, 1979. Akadémiai Kiadó, 282 oldal : [könyvismertetés] /  |c  Mészáros István 
260 |c 1980 
300 |a 481-483 
490 0 |a Magyar pedagógia : a Magyar Tudományos Akadémia Pedagógiai Bizottságának folyóirata  |v 80 No. 4 
695 |a Irodalom műveltség magyar 11-14. sz., Irodalmi műveltség, Könyvismertetés 
700 0 1 |a Mezey László 
856 4 0 |u http://misc.bibl.u-szeged.hu/13115/1/mp_1980_004_5533_481-483.pdf  |z Dokumentum-elérés